000 00238nam a2200097Ia 4500
001 1053036
005 20250827001257.0
008 250824s9999 xx 000 0 und d
245 0 _aBÖRÜ 3
_cÇAĞLAYAN YILMAZ
260 _bPANAMA YAYINLARI
999 _c1053036
_d1053036